| 000 | 00619nas a2200217 4500 | ||
|---|---|---|---|
| 001 | BR5400260 | ||
| 003 | BR-BrBNA | ||
| 005 | 20231205081944.0 | ||
| 007 | ta | ||
| 008 | 230509b bl.|||p| |||| 00| 00por d | ||
| 040 |
_aBR-BrBNA _bpor _cBiblioteca Nacional de Agricultura |
||
| 041 | _a(Pt) | ||
| 072 | _aE10 | ||
| 100 | 1 | _aPonte Filho, F. | |
| 245 | 1 | _aA industria textil no Rio Grande do Sul [Brasil] | |
| 650 | _aINDUSTRIA TEXTIL | ||
| 650 | _aRIO GRANDE DO SUL | ||
| 773 | 0 |
_tIntercambio (Brazil) _x _g(Mar 1954), v. 2(3) p. 39-44 _wBR5400260 |
|
| 909 |
_a202311 _bLúcia _c55 _dLúcia Elande |
||
| 942 |
_2AGRIS _n0 _cANA |
||
| 999 |
_c88111 _d88111 |
||